| 000 | 00998nam a2200313Ia 4500 | ||
|---|---|---|---|
| 003 | OSt | ||
| 005 | 20221007123441.0 | ||
| 006 | a|||||r|||| 00| 0 | ||
| 007 | ta | ||
| 008 | 221006b |||||||| |||| 00| 0 eng d | ||
| 020 | _a 0521550025(V 2) (hbd) | ||
| 020 | _a 0-521-66000-9(V 3) (hbd) | ||
| 020 | _a0-521-55001-7(V 1) (hbd) | ||
| 024 | _a11254 | ||
| 037 |
_bUnilib, _cTextual |
||
| 040 |
_aPAPL _cPAPL _beng |
||
| 041 |
_2eng _aeng |
||
| 082 | _aCN30, N5.1;1-;2 N5.2;1-;2 N5.3;1-;2 Carpa | ||
| 100 | _aWeinberg Steven | ||
| 245 | 0 | _aQuantum theory of fields by Steven Weinberg | |
| 260 |
_aNew _bYork Cambridge University Press _c1995 |
||
| 490 | _vVol 1: | ||
| 500 | _aIncludes bibliographical references | ||
| 650 | _a Field Theory | ||
| 650 |
_a Quantum Field Theor _9717188 |
||
| 650 | _aPhysics | ||
| 942 |
_hCN30, N5.1;1-;2 N5.2;1-;2 N5.3;1-;2 Carpa _cTEXL _2CC |
||
| 999 |
_c1211902 _d1211902 |
||